| 000 | 00639cam a2200205 a 4500 | ||
|---|---|---|---|
| 001 | 000018155 | ||
| 005 | 20200929165358.0 | ||
| 008 | 770531s1921 fr 000 1 fre d | ||
| 040 |
_aDO-SdBNP _cOClU _dOCoLC _dDLC _dBNPHU |
||
| 041 | 1 | 7 |
_aspa _hfre _2Código de idioma MARC |
| 042 | _apremarc | ||
| 082 |
_annnn _bB548s |
||
| 100 | 1 |
_aBertrand, Luis, _d1866-1941 _939338 |
|
| 245 | 1 | 0 |
_aSanguis martyrum / _cLuis Bertrand ; versión castellana de Manuel Machado. |
| 260 |
_aParís : _bGarnier Hermanos, _c1921. |
||
| 300 |
_a320 p. ; _c20cm. |
||
| 700 | 1 |
_aMachado, Manuel, _etr. _939339 |
|
| 910 | _aCatalogación derivada | ||
| 049 | _aBNGR | ||
| 999 |
_c17676 _d17676 |
||